| 000 | 00947pam a2200301 a 4500 | ||
|---|---|---|---|
| 001 | 014566900 | ||
| 003 | OSt | ||
| 005 | 20140105160117.0 | ||
| 008 | 080219s2008 cc a frb 001 0 eng d | ||
| 020 | _a0596516134 (pbk.) | ||
| 020 | _a9780596516130 (pbk.) | ||
| 040 |
_aStDuBDS _beng _cStDuBDS _dUk |
||
| 082 | 0 | 4 |
_a006.37 _222 _bBRA |
| 100 | 1 |
_aBradski, Gary R. _934779 |
|
| 245 | 1 | 0 |
_aLearning OpenCV / _cGary Bradski and Adrian Kaehler. |
| 246 | 3 | 4 |
_aLearning OpenCV : _bcomputer vision with the OpenCV library : Software that sees |
| 250 | _a1st ed. | ||
| 260 |
_aBeijing : _bO'Reilly, _c2008 _e([Washington]) |
||
| 300 |
_axvii, 555 p. : _bill. ; _c24 cm. |
||
| 500 | _aIndex : p. 543-555. | ||
| 504 | _aBibliography : p. 527-541. | ||
| 630 | 0 | 0 |
_aOpenCV. _934781 |
| 650 | 0 |
_aComputer vision. _918312 |
|
| 653 |
_bCS _cJanuary2014 |
||
| 655 |
_vreading book _934232 |
||
| 700 | 1 |
_aKaehler, Adrian _934782 |
|
| 942 |
_2ddc _cBB _k006.37 BRA |
||
| 999 |
_c17900 _d17872 |
||